| 000 | 00710nam a2200241 a 4500 | ||
|---|---|---|---|
| 001 | BRCA_8078 | ||
| 005 | 20190320210124.0 | ||
| 008 | 030414s1968----enka###f##---#000-0#eng-# | ||
| 041 | _aeng | ||
| 044 | _aenk | ||
| 050 | 4 |
_aN5208.5 _b.C55 1968 |
|
| 245 | 1 | 0 | _aChristie´s review of the year 1967/1968. |
| 260 |
_aLondres _bNewman Neame _c1968 |
||
| 300 |
_a303 p. _bil., fotos _c25 cm. |
||
| 500 | _aVer también Y222 (year 1964/1965) | ||
| 500 | _aY108 | ||
| 650 | 1 | 4 |
_aArtes decorativas _vSubastas _920079 |
| 650 | 1 | 4 |
_aArtes decorativas _vCatálogos _914086 |
| 650 | 1 | 4 |
_aArte _xColeccionistas y colecciones _97445 |
| 710 | 2 |
_aChristie, Manson & Wood (Londres) _910394 |
|
| 902 | _aGFM | ||
| 942 |
_2lcc _cB |
||
| 999 |
_c7746 _d7746 |
||